| 000 | 00513nam a22001937a 4500 | ||
|---|---|---|---|
| 003 | MPLRDC | ||
| 005 | 20220104142457.0 | ||
| 008 | 210129b ||||| |||| 00| 0 eng d | ||
| 020 | _a7-5027-3985-8 | ||
| 082 | _a490.7 SZJR | ||
| 100 | _a税制金融改革业务丛书编写组编 | ||
| 245 |
_a企业涉外业务指南 _c |
||
| 250 | _a一版一刷 | ||
| 260 |
_a _b海洋出版社 _c1994 |
||
| 300 | _b平 | ||
| 490 | _a税制金融改革业务丛书 | ||
| 650 | _a商学总论 | ||
| 942 |
_cBK _o490.7 SZJR |
||
| 999 |
_c31209 _d31199 |
||